[Event "Stadtmeisterschaft Ulm/Neu-Ulm 2011"]
[Site "Ulm"]
[Date "2011.10.28"]
[Round "4"]
[White "Kühn, Bernd"]
[Black "Schluricke, Reinhard"]
[Result "0-1"]
[WhiteElo "1662"]
[BlackElo "1765"]
[PlyCount "56"]
[EventDate "2011.09.16"]

1. Nf3 d5 2. g3 Nf6 3. Bg2 c6 4. O-O Bg4 5. d3 Nbd7 6. Nbd2 e5 7. e4 dxe4 8.
dxe4 Bc5 9. c3 O-O 10. Qc2 b5 11. b4 Be7 12. Nb3 Qc7 13. Be3 c5 14. bxc5 Nxc5
15. h3 Bh5 16. Nh4 Rfe8 17. Nf5 Bf8 18. f4 Nfd7 19. fxe5 Nxe5 20. Bf4 f6 21.
Nfd4 a6 22. Rac1 Bf7 23. Rfd1 Rac8 24. Nxc5 Bxc5 25. Kh2 Ba3 26. Qf2 Bxc1 27.
Rxc1 Qa5 28. Nf5 Nd3 0-1

[Event "Stadtmeisterschaft Ulm/Neu-Ulm 2011"]
[Site "Ulm"]
[Date "2011.10.28"]
[Round "4"]
[White "Walker, Kevin"]
[Black "Heinrich, Klaus"]
[Result "0-1"]
[WhiteElo "1560"]
[BlackElo "1720"]
[PlyCount "137"]
[EventDate "2011.09.16"]

1. e4 d5 2. d4 dxe4 3. Nc3 Nf6 4. f3 Bf5 5. fxe4 Nxe4 6. Qf3 Nxc3 7. bxc3 Bd7
8. Qxb7 Nc6 9. Bf4 e5 10. dxe5 Rb8 11. Qa6 Rb6 12. Qd3 Bc5 13. Nf3 Qe7 14. Be2
O-O 15. Rd1 Bc8 16. Qe4 Bb7 17. Bd3 g6 18. Bg5 Qe6 19. Bf6 Re8 20. Kf1 Nxe5 21.
Qxe5 Bxf3 22. Re1 Bd5 23. Qxe6 Rexe6 24. Rxe6 fxe6 25. Ke2 Bxg2 26. Rd1 Bh3 27.
Kf3 Bd6 28. c4 Rb8 29. Bg5 Kf7 30. Be3 Rf8 31. Ke4 c5 32. Bg1 Bg2+ 33. Ke3 Be5
34. Kd2 Bd4 35. Bxd4 cxd4 36. Re1 Bh3 37. Re2 Rd8 38. Re4 Bf5 39. Re5 Kf6 40.
Ra5 Rd7 41. c5 Rc7 42. c3 Ke5 43. c6+ Kd6 44. cxd4 Bxd3 45. Kxd3 Kxc6 46. Re5
Kd6 47. h4 Rc1 48. h5 Rd1+ 49. Kc3 Rg1 50. Ra5 Rc1+ 51. Kb2 Rc7 52. hxg6 hxg6
53. Rg5 Rg7 54. Kc3 Ke7 55. Kd3 Kf6 56. Re5 Rh7 57. Re3 Rh2 58. a3 Rf2 59. Rg3
g5 60. Ke3 Rf1 61. Ke4 Rf4+ 62. Ke3 Kf5 63. Rg1 g4 64. a4 Rf3+ 65. Ke2 Kf4 66.
Rd1 Ke4 67. Rg1 g3 68. Rg2 Ra3 69. Kd2 0-1

[Event "Stadtmeisterschaft Ulm/Neu-Ulm 2011"]
[Site "Ulm"]
[Date "2011.10.28"]
[Round "4"]
[White "Stork, Simon"]
[Black "Gebhardt, Uwe"]
[Result "0-1"]
[WhiteElo "1714"]
[BlackElo "1976"]
[PlyCount "98"]
[EventDate "2011.09.16"]

1. d4 g6 2. e4 Bg7 3. Nc3 d6 4. Be2 Nc6 5. Nf3 e5 6. Be3 exd4 7. Nxd4 Nf6 8.
O-O O-O 9. Qd2 Bg4 10. Rad1 Bxe2 11. Qxe2 Ne5 12. f3 a6 13. Nb3 Re8 14. Nd5
Nxd5 15. Rxd5 Qe7 16. Bc1 Nc6 17. Qd2 Qh4 18. c3 Rad8 19. Qf2 Qxf2+ 20. Kxf2
Re5 21. Rfd1 Rde8 22. Bf4 R5e7 23. R1d2 b6 24. Rc2 h6 25. Nc1 Kh7 26. Bg3 Re6
27. Ne2 g5 28. Rcd2 Ne7 29. R5d3 f5 30. exf5 Nxf5 31. h3 Rxe2+ 32. Rxe2 Rxe2+
33. Kxe2 Nxg3+ 34. Ke3 Be5 35. b3 Kg6 36. c4 c5 37. a4 h5 38. Kf2 h4 39. Rd1
Nf5 40. Rd3 a5 41. Ke2 Bd4 42. Rd2 Ng3+ 43. Kd3 Kf5 44. Rd1 Nh5 45. Rd2 Nf4+
46. Kc2 Ke5 47. Kd1 Be3 48. Rc2 Kd4 49. Ke1 Kd3 0-1

[Event "Stadtmeisterschaft Ulm/Neu-Ulm 2011"]
[Site "Ulm"]
[Date "2011.10.28"]
[Round "4"]
[White "Grosse, Manfred"]
[Black "Kelemen, Alexander"]
[Result "0-1"]
[WhiteElo "1846"]
[BlackElo "1618"]
[PlyCount "42"]
[EventDate "2011.09.16"]

1. c4 Nf6 2. Nf3 e6 3. g3 d5 4. Bg2 c6 5. b3 Nbd7 6. O-O Bd6 7. d4 O-O 8. Bf4
Bxf4 9. gxf4 dxc4 10. bxc4 c5 11. e3 Qc7 12. Ne5 Rd8 13. Nc3 cxd4 14. exd4 Nxe5
15. fxe5 Nd7 16. Nb5 Qxc4 17. Nd6 Qc7 18. Rc1 Qa5 19. Qe2 Rb8 20. Be4 Rf8 21.
Rc3 Qxc3 0-1

[Event "Stadtmeisterschaft Ulm/Neu-Ulm 2011"]
[Site "Ulm"]
[Date "2011.10.28"]
[Round "4"]
[White "Renner, David"]
[Black "Hörsch, Florian"]
[Result "0-1"]
[WhiteElo "1651"]
[BlackElo "1775"]
[PlyCount "49"]
[EventDate "2011.09.16"]

1. d4 d5 2. c4 e6 3. Nc3 Nf6 4. Bg5 Be7 5. Nf3 Nbd7 6. e3 h6 7. Bh4 O-O 8. Rc1
c5 9. Bd3 b6 10. O-O Bb7 11. cxd5 exd5 12. Nd2 Ne4 13. Bxe7 Qxe7 14. Bxe4 dxe4
15. d5 f5 16. Qb3 Ne5 17. Ncxe4 fxe4 18. Nxe4 Rad8 19. Rfd1 c4 20. Qb5 Qh4 21.
f3 Rxf3 22. gxf3 Nxf3+ 23. Kf1 Qxe4 24. Rxc4 Qxe3 25. Rg4 0-1

[Event "Stadtmeisterschaft Ulm/Neu-Ulm 2011"]
[Site "Ulm"]
[Date "2011.10.28"]
[Round "4"]
[White "Lepschi, Albert"]
[Black "Mattiessen, Irina"]
[Result "0-1"]
[WhiteElo "1768"]
[BlackElo "1580"]
[PlyCount "60"]
[EventDate "2011.09.16"]

1. d4 d5 2. c4 e6 3. Nc3 Nf6 4. Bg5 c6 5. e3 Nbd7 6. Qc2 Qa5 7. Bxf6 Nxf6 8.
cxd5 exd5 9. Bd3 Bg4 10. Nge2 Bxe2 11. Bxe2 Bb4 12. O-O O-O 13. Bd3 Rfe8 14. a3
Bd6 15. b4 Qd8 16. h3 Rc8 17. Rfb1 Bb8 18. Qe2 Qd6 19. Qf3 Re7 20. Kf1 Rce8 21.
g4 Ne4 22. Bxe4 dxe4 23. Qg2 Qf6 24. Ke2 Qg5 25. Rd1 f5 26. Rg1 f4 27. exf4
Qxf4 28. Qg3 Qf6 29. Qe3 Bf4 30. g5 Qf5 0-1

[Event "Stadtmeisterschaft Ulm/Neu-Ulm 2011"]
[Site "Ulm"]
[Date "2011.10.28"]
[Round "4"]
[White "Naafs, Uwe"]
[Black "Baumann, Tobias"]
[Result "0-1"]
[WhiteElo "1491"]
[BlackElo "1621"]
[PlyCount "76"]
[EventDate "2011.09.16"]

1. e4 e5 2. Nf3 Nc6 3. Bc4 Bc5 4. d3 Nf6 5. Bg5 h6 6. Bh4 d6 7. Nc3 Be6 8. Nd5
g5 9. Nxf6+ Qxf6 10. Bxe6 fxe6 11. Bg3 O-O-O 12. Qd2 d5 13. Qe2 Kb8 14. O-O-O
g4 15. Nd2 h5 16. h4 gxh3 17. Rxh3 h4 18. Bh2 Qxf2 19. Qxf2 Bxf2 20. Rf1 Rdf8
21. Nf3 Be3+ 22. Kb1 Bf4 23. Bg1 Bg3 24. Bf2 Bxf2 25. Rxf2 Rf4 26. exd5 exd5
27. Re2 e4 28. Nd2 Nd4 29. Re1 Rf2 30. Kc1 Ne2+ 31. Kd1 Nf4 32. Rh2 Nxg2 33.
dxe4 Ne3+ 34. Rxe3 Rxh2 35. exd5 h3 36. Nf3 Rf2 37. Nh4 h2 38. Re1 a6 0-1

[Event "Stadtmeisterschaft Ulm/Neu-Ulm 2011"]
[Site "Ulm"]
[Date "2011.10.28"]
[Round "4"]
[White "Lell, Stephan"]
[Black "Kuhn, Klaus-Peter"]
[Result "1-0"]
[WhiteElo "1605"]
[BlackElo "1417"]
[PlyCount "45"]
[EventDate "2011.09.16"]

1. d4 Nf6 2. Bf4 g6 3. e3 Bg7 4. Nf3 d6 5. Be2 O-O 6. O-O c5 7. c3 Be6 8. Nbd2
Qb6 9. Qc1 Nc6 10. Nc4 Qc7 11. dxc5 Bxc4 12. cxd6 exd6 13. Bxc4 Nh5 14. Bg5 Ne5
15. Be2 h6 16. Bh4 Nf6 17. Qc2 Qc6 18. Nxe5 dxe5 19. Bg3 Rfe8 20. Qb3 Re7 21.
Rfd1 Ne4 22. Bf3 Kh8 23. Qb4 1-0

[Event "Stadtmeisterschaft Ulm/Neu-Ulm 2011"]
[Site "Ulm"]
[Date "2011.10.28"]
[Round "4"]
[White "Kinzig, Lars"]
[Black "Borowsky, Bernd"]
[Result "1-0"]
[WhiteElo "1602"]
[BlackElo "1249"]
[PlyCount "71"]
[EventDate "2011.09.16"]

1. c4 c5 2. Nf3 Nf6 3. Nc3 g6 4. g3 Bg7 5. Bg2 Nc6 6. O-O d6 7. d4 cxd4 8. Nxd4
Nxd4 9. Qxd4 O-O 10. b3 Qc7 11. Bb2 Rb8 12. Qxa7 Bd7 13. Qd4 Bc6 14. Nd5 Bxd5
15. Bxd5 Nh5 16. Qd2 Bxb2 17. Qxb2 Nf6 18. Bg2 b5 19. cxb5 Rxb5 20. Rac1 Rc5
21. b4 Rc4 22. Rxc4 Qxc4 23. Rc1 Qb5 24. e3 Rb8 25. a3 Ng4 26. Qd4 Ne5 27. Rc7
Qa4 28. Rc3 Qb5 29. Qd1 Qb6 30. h3 e6 31. Qc2 d5 32. Rc5 Nc4 33. Bf1 Nxa3 34.
Rc8+ Kg7 35. Rxb8 Qxb8 36. Qc3+ 1-0

[Event "Stadtmeisterschaft Ulm/Neu-Ulm 2011"]
[Site "Ulm"]
[Date "2011.10.28"]
[Round "4"]
[White "Schmidt, Waldemar"]
[Black "Ranade, Kedar"]
[Result "1-0"]
[WhiteElo "1615"]
[BlackElo "1519"]
[PlyCount "35"]
[EventDate "2011.09.16"]

1. d4 d5 2. Bf4 Nf6 3. e3 e6 4. Bd3 Nbd7 5. Nf3 Be7 6. c3 c5 7. Nbd2 c4 8. Bc2
Nh5 9. Bg3 Nxg3 10. hxg3 g6 11. e4 dxe4 12. Nxe4 Nf6 13. Ne5 Qd5 14. Qf3 Qd8
15. Ba4+ Kf8 16. g4 Qd5 17. Bc2 g5 18. Rh6 1-0

[Event "Stadtmeisterschaft Ulm/Neu-Ulm 2011"]
[Site "Ulm"]
[Date "2011.10.28"]
[Round "4"]
[White "Jahn, Manfred"]
[Black "Topalovic, Ljubisav"]
[Result "1-0"]
[WhiteElo "1705"]
[BlackElo "1468"]
[PlyCount "85"]
[EventDate "2011.09.16"]

1. d4 Nf6 2. c4 e5 3. dxe5 Ng4 4. Nf3 Nc6 5. Bf4 Bb4+ 6. Nc3 Qe7 7. Qd5 d6 8.
exd6 cxd6 9. h3 Nf6 10. Qd3 Be6 11. a3 Bxc3+ 12. bxc3 Rd8 13. e4 Na5 14. Nd2 d5
15. cxd5 Bxd5 16. Qb5+ Nc6 17. e5 O-O 18. c4 Nd4 19. Qb2 Bc6 20. Nb3 Nxb3 21.
Qxb3 Rfe8 22. Qe3 Nd7 23. Bg5 Qxe5 24. Qxe5 Rxe5+ 25. Be3 Rde8 26. Rg1 f5 27.
g3 Nc5 28. Bg2 Bxg2 29. Rxg2 f4 30. gxf4 Nd3+ 31. Kd2 Nc5 32. fxe5 Nb3+ 33. Kc3
Nxa1 34. Bd4 g6 35. Rg1 Rf8 36. Rg3 Rd8 37. Rd3 Kf7 38. Kb2 Rc8 39. Kxa1 Rxc4
40. Bxa7 Ke6 41. Bb8 Rc2 42. Rf3 Rc8 43. Bd6 1-0

[Event "Stadtmeisterschaft Ulm/Neu-Ulm 2011"]
[Site "Ulm"]
[Date "2011.10.28"]
[Round "4"]
[White "Siebel, Wolfgang"]
[Black "Simo von Koschitzky, Ignacio"]
[Result "0-1"]
[WhiteElo "1376"]
[BlackElo "1460"]
[PlyCount "100"]
[EventDate "2011.09.16"]

1. d4 Nf6 2. Nf3 b6 3. e3 Ba6 4. g3 e6 5. Bg2 Bb7 6. O-O Be7 7. Re1 O-O 8. Nbd2
c5 9. dxc5 Bxc5 10. Nb3 Be7 11. Ne5 Bxg2 12. Kxg2 d6 13. Nf3 Nc6 14. e4 Qc7 15.
Nfd4 Ne5 16. Nf5 exf5 17. exf5 Qb7+ 18. f3 Rad8 19. Nd4 Nd5 20. h4 Bf6 21. Kh3
Ne7 22. g4 N7c6 23. g5 Be7 24. f4 Nxd4 25. fxe5 Nf3 26. f6 dxe5 27. fxe7 Rxd1
28. exf8=Q+ Kxf8 29. Rxd1 Qe4 30. Kg3 Nxh4 31. Rf1 Nf5+ 32. Rxf5 Qxf5 33. Be3
e4 34. Bf4 Qd5 35. Re1 Ke7 36. b3 Ke6 37. c4 Qd3+ 38. Re3 Qb1 39. Kf2 Kf5 40.
Re1 Qxa2+ 41. Kg3 Qxb3+ 42. Re3 Qxc4 43. Bb8 a5 44. Bd6 Qd4 45. Bf4 b5 46. Re1
b4 47. Be3 Qd3 48. Kg2 b3 49. Rf1+ Qxf1+ 50. Kxf1 b2 0-1

[Event "Stadtmeisterschaft Ulm/Neu-Ulm 2011"]
[Site "Ulm"]
[Date "2011.10.28"]
[Round "4"]
[White "Radovic, Miodrag"]
[Black "Huppertz, Anton"]
[Result "0-1"]
[WhiteElo "1433"]
[BlackElo "1346"]
[PlyCount "52"]
[EventDate "2011.09.16"]

1. e4 c5 2. Bc4 e6 3. b3 a6 4. a4 d5 5. exd5 exd5 6. Be2 Nf6 7. Bb2 Be7 8. Nf3
O-O 9. O-O d4 10. Re1 Nc6 11. Na3 Be6 12. Ng5 Bd7 13. Bc4 h6 14. Ne4 Ne5 15.
Nxf6+ Bxf6 16. Bd5 Bg4 17. Bf3 Bxf3 18. gxf3 Qd5 19. Re4 Rae8 20. d3 Bd8 21.
Qe2 f5 22. Rxe5 Rxe5 23. Qd1 Rfe8 24. Kg2 Re2 25. Kg3 Qe5+ 26. f4 Bh4+ 0-1

[Event "Stadtmeisterschaft Ulm/Neu-Ulm 2011"]
[Site "Ulm"]
[Date "2011.11.11"]
[Round "5"]
[White "Fleischer, Frank"]
[Black "Mayer, Arnd"]
[Result "1-0"]
[WhiteElo "2140"]
[BlackElo "1950"]
[Annotator ",Fred"]
[PlyCount "69"]
[EventDate "2011.??.??"]
[TimeControl "40/7200:20/3600:1800"]

1. e4 c6 2. d4 d5 3. Nd2 dxe4 4. Nxe4 Bf5 5. Ng3 Bg6 6. h4 h6 7. h5 Bh7 8. Nf3
Nd7 9. Bd3 Bxd3 10. Qxd3 Ngf6 11. Ne4 e6 12. Bd2 Be7 13. O-O-O Qc7 14. Kb1
O-O-O 15. c4 Kb8 16. Bc3 Ka8 17. Qe2 Nxe4 18. Qxe4 Bf6 19. Ne5 Nxe5 20. dxe5
Be7 21. f4 Rxd1+ 22. Rxd1 Rd8 23. Rxd8+ Qxd8 24. Kc2 Kb8 25. g4 Qb6 {
[%emt 0:00:00]} 26. Qd4 Qxd4 27. Bxd4 Kc7 28. Kd3 a6 29. Ke4 Kd7 30. f5 f6 31.
b3 fxe5 32. Bxe5 Bf6 33. Bxf6 gxf6 34. fxe6+ Kxe6 35. c5 1-0

[Event "Stadtmeisterschaft Ulm/Neu-Ulm 2011"]
[Site "Ulm"]
[Date "2011.11.11"]
[Round "5"]
[White "Smolny, Frieder"]
[Black "Lüdke, Joshua"]
[Result "1-0"]
[WhiteElo "2090"]
[BlackElo "1700"]
[Annotator ",Fred"]
[PlyCount "59"]
[EventDate "2011.??.??"]
[TimeControl "40/7200:20/3600:1800"]

1. d4 g6 2. e4 Bg7 3. Nf3 c5 4. d5 d6 5. Nc3 Bg4 6. Be2 Nd7 7. O-O Ngf6 8. Re1
O-O 9. a4 a6 10. a5 b5 11. axb6 Qxb6 12. Ra2 Rfb8 13. Bd2 Ne8 14. Na4 Qb7 15.
Ba5 Nc7 16. Nd2 Bxe2 17. Qxe2 Nb5 18. c3 Na7 19. c4 e6 20. Rb1 exd5 21. exd5
Re8 22. Qd1 Ne5 23. b4 Nd3 24. bxc5 Qc8 25. Nf3 Qf5 26. cxd6 Nf4 27. Bc7 Qg4
28. Qf1 Nh3+ 29. Kh1 Nc8 30. Nc5 1-0

[Event "Stadtmeisterschaft Ulm/Neu-Ulm 2011"]
[Site "Ulm"]
[Date "2011.11.11"]
[Round "5"]
[White "Krassowizkij, Jaroslaw"]
[Black "Deissler, Helmut"]
[Result "1/2-1/2"]
[WhiteElo "2305"]
[BlackElo "1882"]
[Annotator ",Fred"]
[PlyCount "74"]
[EventDate "2011.??.??"]
[TimeControl "40/7200:20/3600:1800"]

1. c4 Nf6 2. g3 g6 3. Bg2 Bg7 4. Nf3 O-O 5. O-O d6 6. Nc3 a6 7. d4 Nc6 8. h3
Rb8 9. e4 e5 10. d5 Na5 11. Qe2 c5 12. dxc6 Nxc6 13. Rd1 Be6 14. c5 Qc8 15.
cxd6 Bxh3 16. Bg5 Bg4 17. Qe3 Qe6 18. Rd2 Bxf3 19. Bxf3 Nd4 20. Ne2 Nxf3+ 21.
Qxf3 Rfd8 22. Rad1 Rd7 23. Bxf6 Bxf6 24. Qa3 Rc8 25. Nc3 Rc6 26. Nd5 Bd8 27.
Kh2 Kg7 28. Ne7 Bxe7 29. dxe7 Rxe7 30. Rd6 Rxd6 31. Rxd6 Qg4 32. Rd8 Qe6 33.
Qb4 h5 34. b3 Qf6 35. Kg1 Qg5 36. Qd6 Qc1+ 37. Kg2 Qc7 1/2-1/2

[Event "Stadtmeisterschaft Ulm/Neu-Ulm 2011"]
[Site "Ulm"]
[Date "2011.11.11"]
[Round "5"]
[White "Heinrich, Klaus"]
[Black "Hoffart, Alexander"]
[Result "1/2-1/2"]
[WhiteElo "1720"]
[BlackElo "1802"]
[Annotator ",Fred"]
[PlyCount "105"]
[EventDate "2011.??.??"]
[TimeControl "40/7200:20/3600:1800"]

1. f4 d5 2. e3 c5 3. d4 Nc6 4. c3 cxd4 5. exd4 Nf6 6. Bd3 e6 7. Qf3 Be7 8. Ne2
h5 9. Nd2 Bd7 10. b4 Ng4 11. Nb3 f5 12. a4 Nf6 13. a5 a6 14. Bd2 Ne4 15. Bxe4
dxe4 16. Qe3 Kf7 17. O-O Rg8 18. Kh1 g6 19. Rfd1 g5 20. fxg5 Bxg5 21. Nf4 Qc7
22. Nc5 Ne7 23. Qh3 Bxf4 24. Bxf4 Qxf4 25. Nxd7 Rg5 26. Rf1 Qc7 27. Ne5+ Kf6
28. Rae1 Re8 29. c4 Ng6 30. Rxe4 Nxe5 31. dxe5+ Kg6 32. c5 Rd8 33. Re2 Rd4 34.
Qe3 Rgg4 35. h3 Rge4 36. Qg3+ Kh6 37. Rfe1 Rxe2 38. Rxe2 Rxb4 39. Qg8 Qd7 40.
c6 Rb1+ 41. Kh2 bxc6 42. h4 Qe7 43. g3 f4 44. Rf2 Rb4 45. Qh8+ Kg6 46. Kh3 Qf7
47. Kg2 Re4 48. Qd8 Qf5 49. Qg8+ Kh6 50. Qh8+ Kg6 51. Qg8+ Kh6 52. Qh8+ Kg6 53.
Qg8+ 1/2-1/2

[Event "Stadtmeisterschaft Ulm/Neu-Ulm 2011"]
[Site "Ulm"]
[Date "2011.11.11"]
[Round "5"]
[White "Schluricke, Reinhard"]
[Black "Späth, Gerhard"]
[Result "0-1"]
[WhiteElo "1765"]
[BlackElo "1679"]
[Annotator ",Fred"]
[PlyCount "58"]
[EventDate "2011.??.??"]
[TimeControl "40/7200:20/3600:1800"]

1. d4 d5 2. c4 e6 3. Nc3 Nf6 4. cxd5 exd5 5. Bg5 c6 6. Qc2 Nbd7 7. e3 Be7 8.
Bd3 h6 9. Bh4 O-O 10. Nge2 Re8 11. O-O Nf8 12. f3 N6h7 13. Bxe7 Qxe7 14. e4
dxe4 15. fxe4 Ng5 16. Rae1 Bg4 17. Kh1 Rad8 18. Bc4 Be6 19. Bd3 Bg4 20. h3 Nxh3
21. gxh3 Bxh3 22. Qd2 Bxf1 23. Rxf1 Ne6 24. Bc4 b5 25. Bb3 b4 26. Na4 Qh4+ 27.
Kg1 Qxe4 28. Rf2 Ng5 29. Qxb4 Nh3+ 0-1

[Event "Stadtmeisterschaft Ulm/Neu-Ulm 2011"]
[Site "Ulm"]
[Date "2011.11.11"]
[Round "5"]
[White "Schneider, Jürgen"]
[Black "Förderreuther, Jonas"]
[Result "1/2-1/2"]
[WhiteElo "1713"]
[BlackElo "1887"]
[Annotator ",Fred"]
[PlyCount "98"]
[EventDate "2011.??.??"]
[TimeControl "40/7200:20/3600:1800"]

1. e4 c6 2. d4 d5 3. Nc3 dxe4 4. Nxe4 Bf5 5. Ng3 Bg6 6. Nf3 Nd7 7. Bd3 Ngf6 8.
O-O e6 9. Re1 Be7 10. Qe2 Bxd3 11. Qxd3 O-O 12. Qb3 c5 13. Qxb7 cxd4 14. Ne4
Nc5 15. Nxc5 Bxc5 16. Qb5 Qb6 17. Qxb6 Bxb6 18. Bg5 Nd5 19. Re2 f6 20. Bd2 e5
21. Rc1 Rac8 22. Ne1 Rc7 23. Nd3 Rfc8 24. Bb4 a5 25. Ba3 Re8 26. b4 Nc3 27. Rd2
Nxa2 28. Ra1 Nxb4 29. Bxb4 axb4 30. Nxb4 Ra7 31. Rxa7 Bxa7 32. Nd3 e4 33. Ne1
d3 34. Rd1 e3 35. fxe3 Bxe3+ 36. Kf1 d2 37. Nf3 Rc8 38. Ke2 Bh6 39. Kd3 Rd8+
40. Kc4 Re8 41. Kd3 Re3+ 42. Kd4 Re2 43. c4 Rxg2 44. c5 Kf7 45. Rb1 Re2 46. Kd5
Re7 47. c6 Bf4 48. Rd1 Ke8 49. Rb1 Kd8 1/2-1/2

[Event "Stadtmeisterschaft Ulm/Neu-Ulm 2011"]
[Site "Ulm"]
[Date "2011.11.27"]
[Round "5"]
[White "Hörsch, Heiner"]
[Black "Schwab, Matthias"]
[Result "1-0"]
[WhiteElo "2060"]
[BlackElo "2001"]
[Annotator ",Fred"]
[PlyCount "61"]
[EventDate "2011.??.??"]
[TimeControl "40/7200:20/3600:1800"]

1. d4 d5 2. c4 e6 3. Nf3 c5 4. e3 Nf6 5. Nc3 Nc6 6. Bd3 Be7 7. O-O cxd4 8. exd4
Nb4 9. cxd5 Nxd3 10. Qxd3 Nxd5 11. Ne5 O-O 12. a3 Qa5 13. Bd2 Rd8 14. Rfe1 Nxc3
15. Bxc3 Qd5 16. Re3 Bf6 17. Rae1 b6 18. Rh3 g6 19. Qg3 Bb7 20. f3 Bg7 21. Qh4
h5 22. Qf4 Rf8 23. Bb4 g5 24. Qe3 Rfd8 25. Bc3 h4 26. Qxg5 f6 27. Qg6 fxe5 28.
Rxe5 Qd7 29. Rxh4 Qf7 30. Rh8+ Kxh8 31. Qxf7 1-0

[Event "Stadtmeisterschaft Ulm/Neu-Ulm 2011"]
[Site "Ulm"]
[Date "2011.11.11"]
[Round "5"]
[White "Gebhardt, Uwe"]
[Black "Hörsch, Florian"]
[Result "1-0"]
[WhiteElo "1976"]
[BlackElo "1775"]
[Annotator ",Fred"]
[PlyCount "93"]
[EventDate "2011.??.??"]
[TimeControl "40/7200:20/3600:1800"]

1. d4 d5 2. c4 e6 3. Nc3 Nf6 4. Bg5 Be7 5. cxd5 exd5 6. e3 c6 7. Bd3 O-O 8. Qc2
Nbd7 9. Nge2 h6 10. Bh4 Re8 11. O-O Ne4 12. Bxe7 Qxe7 13. Rae1 Ndf6 14. f3 Nxc3
15. Nxc3 Qd6 16. Qf2 Be6 17. Kh1 c5 18. Nb5 Qc6 19. dxc5 a6 20. Nd6 Re7 21. b4
b6 22. e4 a5 23. Bb5 Qc7 24. e5 Nd7 25. Bxd7 Qxd7 26. bxa5 bxc5 27. Qxc5 Qd8
28. Qb6 Rea7 29. Rc1 Qd7 30. Rc5 f6 31. Rfc1 fxe5 32. Rc8+ Rxc8 33. Rxc8+ Kh7
34. Rd8 Qc7 35. Qxc7 Rxc7 36. h3 Ra7 37. Re8 Bg8 38. Rxe5 Rxa5 39. Re7 Kg6 40.
Re8 Bf7 41. Rf8 Be6 42. f4 Bd7 43. Rf7 Bc6 44. f5+ Kh7 45. f6 Rxa2 46. Rxg7+
Kh8 47. Nf7# 1-0

[Event "Stadtmeisterschaft Ulm/Neu-Ulm 2011"]
[Site "Ulm"]
[Date "2011.11.11"]
[Round "5"]
[White "Kelemen, Alexander"]
[Black "Borkert, Tobias"]
[Result "1/2-1/2"]
[WhiteElo "1618"]
[BlackElo "1881"]
[Annotator ",Fred"]
[PlyCount "37"]
[EventDate "2011.??.??"]
[TimeControl "40/7200:20/3600:1800"]

1. e4 Nf6 2. e5 Nd5 3. c4 Nb6 4. d4 d6 5. exd6 exd6 6. Nc3 Nc6 7. Nf3 Be7 8.
Be2 Bf5 9. a3 O-O 10. O-O Bf6 11. Be3 d5 12. c5 Nc4 13. Bc1 b6 14. b3 N4a5 15.
cxb6 cxb6 16. Be3 Qd7 17. Rc1 a6 18. b4 Nb7 19. Na4 1/2-1/2

[Event "Stadtmeisterschaft Ulm/Neu-Ulm 2011"]
[Site "Ulm"]
[Date "2011.11.11"]
[Round "5"]
[White "Mattiessen, Irina"]
[Black "Goda, Frederic"]
[Result "1-0"]
[WhiteElo "1580"]
[BlackElo "1643"]
[Annotator ",Fred"]
[PlyCount "81"]
[EventDate "2011.??.??"]
[TimeControl "40/7200:20/3600:1800"]

1. e4 c5 2. c3 e6 3. d4 cxd4 4. cxd4 d5 5. Nc3 Ne7 6. Bd3 Nbc6 7. Nf3 g6 8. O-O
Bg7 9. e5 O-O 10. Bg5 a6 11. Qd2 b5 12. Rfd1 Bd7 13. Ne2 Qb6 14. Bh6 f6 15. h4
fxe5 16. Bxg7 Kxg7 17. dxe5 Nxe5 18. Qc3 N7c6 19. Rf1 b4 20. Qd2 Rxf3 21. Nf4
Rxf4 22. Qxf4 Nxd3 23. Qd6 Qd8 24. h5 Qe7 25. Qg3 Nc5 26. Rac1 Ne4 27. Qc7 Rc8
28. Qh2 Qf6 29. Rc2 Rf8 30. h6+ Kg8 31. f3 Qd4+ 32. Kh1 Qd3 33. Rfc1 Nf6 34.
Qd6 Nd4 35. Rc7 Nb5 36. Qe7 Rf7 37. Rc8+ Ne8 38. Rxe8+ Bxe8 39. Qxe8+ Rf8 40.
Qxe6+ Rf7 41. Rc8# 1-0

[Event "Stadtmeisterschaft Ulm/Neu-Ulm 2011 "]
[Site "Ulm"]
[Date "2011.11.11"]
[Round "5"]
[White "Fett, Sabine"]
[Black "Wolf, Rainer"]
[Result "0-1"]
[WhiteElo "1618"]
[BlackElo "1976"]
[Annotator ",Fred"]
[PlyCount "68"]
[EventDate "2011.??.??"]
[TimeControl "40/7200:20/3600:1800"]

1. e4 g6 2. d4 Bg7 3. Bc4 e6 4. Ne2 d5 5. exd5 exd5 6. Bd3 Nf6 7. Bg5 O-O 8.
O-O Nc6 9. c3 h6 10. Bh4 Ne7 11. Bxf6 Bxf6 12. Qd2 Bg7 13. Qc2 b6 14. Nd2 c5
15. b3 Nf5 16. Nf3 Nd6 17. dxc5 bxc5 18. Rad1 Qf6 19. Rfe1 Bg4 20. Nd2 Bxe2 21.
Bxe2 Qxc3 22. Qb1 Rae8 23. Nf3 Nf5 24. Rxd5 Nd4 25. Qd1 Nxf3+ 26. gxf3 Bd4 27.
Kf1 Re7 28. Qc1 Qa5 29. Qxh6 Rfe8 30. a4 Qb6 31. h4 Qe6 32. Qg5 Qh3+ 33. Kg1
Rxe2 34. Rxe2 Rxe2 0-1

[Event "Stadtmeisterschaft Ulm/Neu-Ulm 2011"]
[Site "Ulm"]
[Date "2011.11.11"]
[Round "5"]
[White "Vetter, Robert"]
[Black "Kühn, Bernd"]
[Result "1-0"]
[WhiteElo "1804"]
[BlackElo "1662"]
[Annotator ",Fred"]
[PlyCount "59"]
[EventDate "2011.??.??"]
[TimeControl "40/7200:20/3600:1800"]

1. d4 Nf6 2. Nf3 e6 3. e3 d5 4. Bd3 c5 5. b3 Nbd7 6. Nbd2 Be7 7. Bb2 O-O 8. O-O
Rb8 9. c4 a6 10. Qe2 Qc7 11. Ne5 Nxe5 12. dxe5 Nd7 13. f4 f6 14. Qh5 f5 15.
cxd5 g6 16. Qh6 exd5 17. e6 Nf6 18. Nf3 Bxe6 19. Ng5 Bc8 20. Rf3 Bd6 21. Rh3
Qg7 22. Qxg7+ Kxg7 23. Nxh7 Rf7 24. Nxf6 Rxf6 25. Rd1 d4 26. exd4 Kf7 27. dxc5
Bxc5+ 28. Kf1 Ke8 29. Bc4 Rd6 30. Re1+ 1-0

[Event "Stadtmeisterschaft Ulm/Neu-Ulm 2011"]
[Site "Ulm"]
[Date "2011.11.11"]
[Round "5"]
[White "Krauss, Rainer"]
[Black "Lell, Stephan"]
[Result "1-0"]
[WhiteElo "1800"]
[BlackElo "1605"]
[Annotator ",Fred"]
[PlyCount "87"]
[EventDate "2011.??.??"]
[TimeControl "40/7200:20/3600:1800"]

1. e4 d6 2. d4 Nf6 3. Nc3 Nbd7 4. Nf3 e5 5. dxe5 dxe5 6. Bc4 Be7 7. O-O h6 8.
b3 c6 9. Bb2 Qc7 10. a4 Nb6 11. Bd3 Bg4 12. h3 Bh5 13. Qe2 O-O 14. Qe3 Rad8 15.
Ne2 Nbd7 16. Ng3 Bc5 17. Qe2 g6 18. Nxh5 Nxh5 19. Rad1 Nf4 20. Qd2 Kg7 21. Qxf4
f6 22. Qg3 Kh7 23. Nh4 Rg8 24. Bc1 Rg7 25. Kh1 Bd4 26. f4 Re8 27. Nf3 Bc3 28.
fxe5 fxe5 29. Bd2 Bxd2 30. Rxd2 Qb8 31. Rdf2 Ree7 32. Nd2 Qe8 33. Nc4 Qb8 34.
Rf3 b5 35. axb5 cxb5 36. Ne3 a6 37. Nd5 Re6 38. Rf7 Qd8 39. Be2 Nc5 40. Qe3 Rc6
41. Nf6+ Rxf6 42. R1xf6 Nd7 43. Rxg7+ Kxg7 44. Rxa6 1-0

[Event "Stadtmeisterschaft Ulm/Neu-Ulm 2011"]
[Site "Ulm"]
[Date "2011.11.11"]
[Round "5"]
[White "Kromer, Thomas"]
[Black "Kinzig, Lars"]
[Result "1-0"]
[WhiteElo "1702"]
[BlackElo "1602"]
[Annotator ",Fred"]
[PlyCount "91"]
[EventDate "2011.??.??"]
[TimeControl "40/7200:20/3600:1800"]

1. e4 g6 2. d4 Bg7 3. f4 d6 4. Nf3 e6 5. Bd3 Ne7 6. Be3 b6 7. c3 Bb7 8. Nbd2
Nd7 9. Qb3 a6 10. O-O Nf6 11. f5 exf5 12. exf5 Nxf5 13. Bxf5 gxf5 14. Nh4 Rg8
15. Rae1 Kd7 16. Qxf7+ Kc8 17. c4 Ne4 18. Nxf5 Nxd2 19. Ne7+ Kb8 20. Nxg8 Nxf1
21. Rxf1 Ka7 22. Qxg7 Qxg8 23. Rf7 Re8 24. Qxg8 Rxg8 25. d5 Re8 26. Kf2 Kb8 27.
Rxh7 Bc8 28. Rf7 Re5 29. h3 Bf5 30. Bf4 Bg6 31. Rf8+ Re8 32. Rxe8+ Bxe8 33. g4
Kc8 34. Ke3 Kd7 35. Bg5 c6 36. dxc6+ Kxc6 37. Kd4 b5 38. cxb5+ axb5 39. Bd2 Kd7
40. h4 Ke6 41. Bb4 Bc6 42. Ke3 d5 43. Bc3 Be8 44. h5 Bf7 45. Kf4 Bg8 46. g5 1-0

[Event "Stadtmeisterschaft Ulm/Neu-Ulm 2011"]
[Site "Ulm"]
[Date "2011.11.11"]
[Round "5"]
[White "Grosse, Manfred"]
[Black "Walker, Kevin"]
[Result "1-0"]
[WhiteElo "1846"]
[BlackElo "1560"]
[Annotator ",Fred"]
[PlyCount "59"]
[EventDate "2011.??.??"]
[TimeControl "40/7200:20/3600:1800"]

1. e4 d6 2. d4 Nf6 3. Bd3 e5 4. c3 Be7 5. Ne2 O-O 6. O-O Re8 7. Ng3 exd4 8.
cxd4 Nc6 9. Bb5 Bd7 10. Nc3 a6 11. Ba4 Bf8 12. a3 Nb8 13. Bxd7 Nfxd7 14. f4 c5
15. d5 b5 16. Be3 Nb6 17. b3 g6 18. Qd2 Bg7 19. Rad1 f5 20. exf5 gxf5 21. Nxf5
Bf8 22. Ne2 Qf6 23. Neg3 h5 24. h4 N8d7 25. Bf2 Qg6 26. Qc2 Qg4 27. Be1 Nf6 28.
Bc3 Nbxd5 29. Bxf6 Nxf6 30. Rxd6 1-0